书目信息 |
| 题名: |
乡村振兴战略下村镇空间优化与农村产业发展研究
|
|
| 作者: | 侯秀芳 , 王栋 著 | |
| 分册: | ||
| 出版信息: | 青岛 中国海洋大学出版社 2020.06 |
|
| 页数: | 149页 | |
| 开本: | 23cm | |
| 丛书名: | ||
| 单 册: | ||
| 中图分类: | F299.21 , F323 | |
| 科图分类: | ||
| 主题词: | 城乡建设--cheng xiang jian she--研究--中国 , 农业产业--nong ye chan ye--产业发展--研究--中国 | |
| 电子资源: | ||
| ISBN: | 978-7-5670-2499-1 | |
| 000 | 01076nam0 2200277 450 | |
| 001 | 202021192068 | |
| 005 | 20211025120131.0 | |
| 010 | @a978-7-5670-2499-1@dCNY48.00 | |
| 100 | @a20210922d2020 em y0chiy50 ea | |
| 101 | 0 | @achi |
| 102 | @aCN@b370000 | |
| 105 | @ay a 000yy | |
| 106 | @ar | |
| 200 | 1 | @a乡村振兴战略下村镇空间优化与农村产业发展研究@Axiang cun zhen xing zhan lue xia cun zhen kong jian you hua yu nong cun chan ye fa zhan yan jiu@f侯秀芳, 王栋著 |
| 210 | @a青岛@c中国海洋大学出版社@d2020.06 | |
| 215 | @a149页@d23cm | |
| 320 | @a有书目 (第139-148页) | |
| 330 | @a本书主要内容包括乡村振兴战略得提出、各国乡村振兴战略的经验、中国乡村振兴发展历程、村镇的形成与发展、我国村镇分布与农村产业发展、我国产业结构调整与升级、村镇空间优化等。 | |
| 606 | 0 | @a城乡建设@Acheng xiang jian she@x研究@y中国 |
| 606 | 0 | @a农业产业@Anong ye chan ye@x产业发展@x研究@y中国 |
| 690 | @aF299.21@v5 | |
| 690 | @aF323@v5 | |
| 701 | 0 | @a侯秀芳@Ahou xiu fang@4著 |
| 701 | 0 | @a王栋@Awang dong@4著 |
| 801 | 0 | @aCN@c20210909 |
| 905 | @a河南城建学院图书馆@dF299.21@eH432 | |
| 乡村振兴战略下村镇空间优化与农村产业发展研究/侯秀芳, 王栋著.-青岛:中国海洋大学出版社,2020.06 |
| 149页;23cm |
| ISBN 978-7-5670-2499-1:CNY48.00 |
| 本书主要内容包括乡村振兴战略得提出、各国乡村振兴战略的经验、中国乡村振兴发展历程、村镇的形成与发展、我国村镇分布与农村产业发展、我国产业结构调整与升级、村镇空间优化等。 |
| ● |
| 相关链接 |
|
|
|
正题名:乡村振兴战略下村镇空间优化与农村产业发展
索取号:F299.21/H432
 
预约/预借
| 序号 | 登录号 | 条形码 | 馆藏地/架位号 | 状态 | 备注 |
| 1 | 1541151 | 215411515 | 社科库409/409社科库 112排1列3层/ [索取号:F299.21/H432] | 在馆 | |
| 2 | 1541152 | 215411524 | 社科库409/409社科库 112排1列3层/ [索取号:F299.21/H432] | 在馆 |